[Event "Asian Zonal 3.3 Women 2019"]
[Site "Ulaanbaatar"]
[Date "2019.04.08"]
[Round "2.4"]
[White "Pham, Bich Ngoc"]
[Black "Pham, Le Thao Nguyen"]
[Result "1/2-1/2"]
[WhiteElo "2160"]
[BlackElo "2383"]
[Annotator "TA"]
[PlyCount "125"]
[EventDate "2019.04.07"]
[EventType "swiss"]
[EventRounds "9"]
[EventCountry "MGL"]
[SourceTitle "playchess.com"]
[Source "ChessBase"]
[SourceQuality "1"]

{[%evp 9,125,-9,17,5,0,-12,0,-7,2,-35,11,15,0,-96,-95,-115,-72,-71,-76,-70,-75,-77,-72,-80,-62,-80,-71,-76,-60,-77,-58,-87,-66,-73,-60,-68,-65,-93,-100,-93,-13,-8,-8,-20,-10,-9,-5,-18,0,-27,0,0,-1,-1,0,-8,0,-4,-8,-22,0,0,0,0,61,0,3,4,7,0,0,0,0,-8,-8,-15,-15,-15,-15,-15,-15,-15,-14,-14,-13,-13,0,-13,-8,-8,0,-13,-13,-14,-14,-14,-14,-14,-13,-13,-13,-13,0,0,0,0,0,0,0,0,0,0,8,8,8,8,8,8]} 1. f4 d5 2. Nf3 g6 3. g3 Bg7 4. Bg2 c6 5. O-O Qb6+ 6. d4 {A03: Bird's Opening with 1...d5} Nf6 (6... Bf5 7. c3 Nd7 8. h3 Be4 9. Nbd2 Bxf3 10. Nxf3 Ngf6 11. Ne5 O-O 12. Qb3 Rfd8 13. Be3 Ne8 {½-½ (23) Kamsky,G (2702)-Polgar,J (2682) Baku 2010}) 7. c3 Bf5 8. Nbd2 Nbd7 9. Ne5 $146 ({Predecessor:} 9. h3 h5 10. Ng5 c5 11. Nb3 cxd4 12. Nxd4 Be4 13. Bxe4 Nxe4 14. Nxe4 dxe4 {1-0 (65) Sequera Paolini,J (2394)-Kovchan,A (2577) Sitges 2013}) 9... Nxe5 10. fxe5 Ng4 {And now ...Ne3 would win.} 11. Qb3 (11. e4 $11 Ne3 12. Nc4 Nxc4 13. exf5) 11... Ne3 $17 12. Rf2 Bc2 13. Qxb6 axb6 14. Nf3 Nxg2 15. Kxg2 f6 16. Be3 Kd7 17. a3 Be4 18. Kg1 Ke6 19. Raf1 b5 20. exf6 exf6 21. g4 Rae8 22. h4 h6 23. Bf4 g5 24. Bg3 h5 (24... Kd7 $17) 25. Nd2 $11 gxh4 26. Nxe4 hxg3 27. Nxg3 hxg4 28. Rf4 Reg8 29. Kg2 Rf8 30. e4 Bh6 31. Rxg4 Rhg8 32. exd5+ Kxd5 33. Rxg8 Rxg8 34. Rxf6 {[%mdl 4096] Endgame KRB-KRN} Bc1 35. b3 $1 Bxa3 36. Kf3 Be7 {[#]} (36... b4 $11 37. Rf5+ Ke6 38. Re5+ Kf7) 37. Rh6 ({White should play} 37. Nh5 $1 $14 {[%mdl 512]} Bd6 {[#]} 38. c4+ $1 {[%mdl 512]} bxc4 39. bxc4+ Kxd4 40. Rxd6+ Kxc4 41. Rd1) 37... Rf8+ {The position is equal.} 38. Ke2 Rf4 39. Nf1 {White wants to mate with Ne3+.} Bf6 40. Nd2 b4 41. Rh5+ Ke6 42. cxb4 Rxd4 43. b5 Rd5 44. Rxd5 cxd5 {KB-KN} 45. Kd3 Kd6 46. b4 Bg5 47. Nb3 Bf6 48. Nc5 Kc7 (48... b6 $5 {[%cal Rb6c5]} 49. Na6 Ke6 $15) 49. Ne6+ Kd6 50. Nc5 b6 51. Nb3 Bb2 52. Nd2 Ba3 53. Kc3 Ke5 54. Nf3+ Ke4 {( -> ...Bxb4+!)} 55. Ng5+ Ke3 {Threatens to win with ...d4+.} 56. Ne6 Bc1 57. Kc2 Bd2 58. Nc7 d4 {...Ke2 is the strong threat.} 59. Kd1 Kd3 60. Nd5 Bxb4 61. Nxb4+ Kc4 62. Nc6 {Hoping for Na7.} Kxb5 63. Nxd4+ {Accuracy: White = 53%, Black = 53%.} 1/2-1/2

[Event "Asian Zonal 3.3 Women 2019"]
[Site "Ulaanbaatar"]
[Date "2019.04.08"]
[Round "2.5"]
[White "Anu, Bayar"]
[Black "Vo, Thi Kim Phung"]
[Result "0-1"]
[WhiteElo "2146"]
[BlackElo "2349"]
[Annotator "NA RC"]
[PlyCount "50"]
[EventDate "2019.04.07"]
[EventType "swiss"]
[EventRounds "9"]
[EventCountry "MGL"]
[SourceTitle "playchess.com"]
[Source "ChessBase"]
[SourceQuality "1"]
[TimeControl "40/5400+30:1800+30"]

1. d4 d5 2. c4 c6 3. Nc3 Nf6 4. e3 g6 5. Nf3 Bg7 6. Be2 O-O 7. O-O Bg4 8. b3 c5 9. h3 cxd4 10. exd4 Bf5 11. Nxd5 Nxd5 12. cxd5 Be4 13. Bg5 Bxd5 14. Qd2 Nc6 15. Rad1 Rc8 16. Ne5 f6 17. Nxc6 Rxc6 18. Bf4 Qb6 19. Bd3 Rd8 20. Bb1 f5 21. Be5 Bxb3 22. Bxg7 Bxd1 23. Be5 Qxb1 24. d5 Qe4 25. Re1 Rxd5 0-1

[Event "Asian Zonal 3.3 Women 2019"]
[Site "Ulaanbaatar"]
[Date "2019.04.08"]
[Round "2.6"]
[White "Munkhzul, Turmunkh"]
[Black "Otgonjargal, Sengeravdan"]
[Result "1-0"]
[WhiteElo "2348"]
[BlackElo "2162"]
[Annotator "NA RC"]
[PlyCount "97"]
[EventDate "2019.04.07"]
[EventType "swiss"]
[EventRounds "9"]
[EventCountry "MGL"]
[SourceTitle "playchess.com"]
[Source "ChessBase"]
[SourceQuality "1"]
[TimeControl "40/5400+30:1800+30"]

1. e4 e5 2. Nf3 Nc6 3. Bb5 a6 4. Ba4 Nf6 5. O-O b5 6. Bb3 Be7 7. Re1 d6 8. c3 O-O 9. h3 Na5 10. Bc2 c5 11. d4 Qc7 12. Nbd2 cxd4 13. cxd4 Nc6 14. Nb3 a5 15. Be3 Nb4 16. Bb1 Bb7 17. a3 Na6 18. d5 a4 19. Nbd2 Nc5 20. Bxc5 dxc5 21. Nf1 c4 22. Qd2 Rad8 23. Ne3 Bc8 24. Qc3 Bd6 25. Bc2 Rfe8 26. Rad1 Qa7 27. Bb1 Bc7 28. Nc2 Ba5 29. Nb4 Qc7 30. Rd2 Qd6 31. Nh4 Nh5 32. Re3 Nf4 33. g4 Qh6 34. Ng2 Bb6 35. Nxf4 Bxe3 36. fxe3 exf4 37. exf4 Qxf4 38. Nc6 Rd6 39. e5 Rf6 40. exf6 Re1+ 41. Kg2 Qf1+ 42. Kg3 g5 43. Qf3 Qg1+ 44. Rg2 Qc5 45. Re2 Rxe2 46. Qxe2 Qg1+ 47. Kf3 Qh1+ 48. Kf2 Bd7 49. Qe5 1-0

[Event "Asian Zonal 3.3 Women 2019"]
[Site "Ulaanbaatar"]
[Date "2019.04.08"]
[Round "2.7"]
[White "Frayna, Janelle Mae"]
[Black "Nguyen, Thi Thanh An"]
[Result "1/2-1/2"]
[WhiteElo "2163"]
[BlackElo "2264"]
[Annotator "TA"]
[PlyCount "69"]
[EventDate "2019.04.07"]
[EventType "swiss"]
[EventRounds "9"]
[EventCountry "MGL"]
[SourceTitle "playchess.com"]
[Source "ChessBase"]
[SourceQuality "1"]

{[%evp 20,69,50,43,60,52,62,45,54,3,73,91,101,99,124,139,137,121,126,108,143,102,106,103,120,102,91,69,121,78,95,94,82,75,81,47,2191,82,402,69,1020,17,45,-164,1160,-385,32,-161,108,0,48,-179]} 1. c4 g6 2. d4 Bg7 3. Nf3 Nf6 4. Nc3 O-O 5. g3 d6 6. Bg2 Nbd7 7. O-O e5 8. e4 exd4 9. Nxd4 Re8 10. h3 a6 11. Be3 Ne5 {E68: King's Indian: Fianchetto: 6...Nbd7 7 0-0 e5 8 e4} (11... Rb8 12. b3 Nc5 13. Qc2 Bd7 14. b4 Ne6 15. Nb3 Qc8 16. Kh2 b5 17. c5 Nd8 18. Rad1 Nc6 19. a3 Ne5 {½-½ (53) Matlakov,M (2718)-Adhiban,B (2655) Wijk aan Zee 2018}) 12. b3 Bd7 13. f4 Nc6 14. Qd2 (14. Rc1 $14) 14... Rb8 (14... Nxd4 $1 $11 {keeps the balance.} 15. Bxd4 c5) 15. Rad1 $146 ({Predecessor:} 15. Rae1) 15... Qc8 16. Kh2 h5 17. f5 Ne5 18. Bg5 Nh7 19. Bh6 Qd8 20. Nd5 Bxh6 21. Qxh6 Nf6 22. Kh1 {And now fxg6 would win.} ({Avoid the trap} 22. fxg6 $2 Nfg4+ $1 {[%mdl 512]} 23. hxg4 Nxg4+ 24. Kh1 Nxh6 $19) 22... Nxd5 23. exd5 Qe7 (23... Qf6 $14) 24. Rde1 $40 {[%mdl 128] White is out for blood.} ({Don't take} 24. f6 $6 Qf8 $14) 24... Qf8 25. Qd2 Qg7 26. Be4 Kh7 27. Rf2 Qf6 $2 {[%mdl 8192]} (27... Qh6 $14) 28. Qc2 $2 (28. fxg6+ $18 {and the rest is easy.} Qxg6 29. Bxg6+ Kxg6 30. h4) 28... Kg8 $2 {[%mdl 8192]} (28... Qg7 $16 {is a better chance.}) 29. Ref1 $2 ({White has to play} 29. fxg6 $18 Qg7 30. gxf7+ Nxf7 {[#]} 31. Ne6 $1 {[%mdl 512]} Bxe6 32. dxe6) 29... b6 $2 {[%mdl 8192]} (29... g5 $14) 30. b4 $2 (30. fxg6 $18 Qxg6 31. Bxg6 fxg6 32. Rf6) 30... Qg5 31. Rf4 $2 (31. Qb3 $14) 31... Qf6 $4 {[%mdl 8192]} (31... Qxg3 $19 32. Qb3 Qxb3 33. axb3 g5) 32. R4f3 $4 {[%mdl 8192]} (32. fxg6 $18 {is the narrow road to win.} Qxg6 33. Bxg6 fxg6 34. Rf6) 32... Qg5 $2 (32... Nxf3 $19 33. Nxf3 Bxf5 34. Bxf5 Qxf5 35. Qxf5 gxf5) 33. Rf4 $2 (33. Rc3 $14) 33... Qh6 $2 (33... Qxg3 $19 {Hoping for ...g5.} 34. Qb3 Qxb3 35. axb3 g5) 34. R4f2 (34. fxg6 $16 fxg6 35. Ne6) 34... Qg5 $14 35. Rf4 $2 {Accuracy: White = 23%, Black = 26%.} (35. Qc3 $14 {keeps the upper hand.}) 1/2-1/2

[Event "Asian Zonal 3.3 Women 2019"]
[Site "Ulaanbaatar"]
[Date "2019.04.08"]
[Round "2.8"]
[White "Sukandar, Irine Kharisma"]
[Black "Mendoza, Shania Mae"]
[Result "1-0"]
[WhiteElo "2384"]
[BlackElo "2156"]
[Annotator "TA"]
[PlyCount "13"]
[EventDate "2019.04.07"]
[EventType "swiss"]
[EventRounds "9"]
[EventCountry "MGL"]
[SourceTitle "playchess.com"]
[Source "ChessBase"]
[SourceQuality "1"]

{[%evp 9,13,41,75,-531,81,-508]} 1. Nc3 Nc6 2. h3 $146 ({Predecessor:} 2. e4 e5 3. Bc4 Nf6 4. d3 Na5 5. Qf3 c6 6. Nge2 Be7 7. O-O O-O 8. Ng3 d5 9. exd5 Bg4 10. Qe3 cxd5 11. h3 Be6 12. Bb5 d4 13. Qxe5 dxc3 14. bxc3 {½-½ (123) Ponkratov,P (2604)-Kryakvin,D (2529) Minsk 2015}) 2... h5 3. a4 f6 4. a5 e5 5. a6 bxa6 6. Rxa6 $2 {[%mdl 8192] [#] A00: Irregular Openings} (6. e4 $16) 6... Qe7 $2 (6... Bxa6 $19 7. Nf3 d5) 7. h4 $2 {[%mdl 40960] Loss on time!?} (7. Ra4 $16 {and life is bright.}) 1-0

[Event "Asian Zonal 3.3 Women 2019"]
[Site "Ulaanbaatar"]
[Date "2019.04.08"]
[Round "2.9"]
[White "Altantuya, Boldbaatar"]
[Black "Mungunzul, Bat-Erdene"]
[Result "1-0"]
[WhiteElo "2223"]
[BlackElo "1906"]
[Annotator "TA"]
[PlyCount "75"]
[EventDate "2019.04.07"]
[EventType "swiss"]
[EventRounds "9"]
[EventCountry "MGL"]
[SourceTitle "playchess.com"]
[Source "ChessBase"]
[SourceQuality "1"]

{[%evp 22,75,35,35,89,106,86,88,108,77,73,50,72,56,54,75,62,51,72,20,29,7,177,198,366,382,529,532,531,525,525,525,523,518,520,514,539,536,543,542,694,688,899,918,897,914,914,906,946,854,29973,29974,12275,5614,5070,5066]} 1. d4 d5 2. c4 c6 3. Nc3 Nf6 4. e3 e6 5. Nf3 Nbd7 6. Bd3 dxc4 7. Bxc4 b5 8. Bd3 Bb7 9. O-O a6 10. e4 c5 11. d5 c4 12. Bc2 Qb6 {[#] D48: Semi-Slav: Meran System: 7...b5 8 Bd3 a6} (12... Qc7 $14) (12... Qc7 13. dxe6 fxe6 14. Ne2 Nc5 15. Bf4 Qd7 16. Qxd7+ Nfxd7 17. Ned4 Be7 18. b4 cxb3 19. axb3 b4 20. Rfe1 O-O 21. Bc7 g6 {½-½ (40) Radjabov,T (2748)-Karjakin,S (2778) Shamkir 2018}) 13. dxe6 $1 $16 fxe6 14. e5 Nd5 {White is better.} 15. Nxd5 Bxd5 16. Ng5 {aiming for Qh5+.} g6 {[#]} 17. Nxh7 $1 {[%mdl 512] Bg5 is the strong threat.} O-O-O (17... Rxh7 18. Bxg6+) 18. Nxf8 ({Don't blunder} 18. Bxg6 $2 Nxe5 19. Bc2 Bc5 $19) 18... Rdxf8 {[#]} 19. Be3 $146 {[%mdl 2048] White has good play.} ({Predecessor:} 19. Qe2 Qc7 {1-0 (53) Zakhartsov,V (2531)-Sudakova,I (2354) St Petersburg 2002}) 19... Qc6 20. f3 (20. Qg4 $16) 20... Nxe5 $11 {Hoping for ...Qc7.} 21. Qd4 Nf7 $2 (21... Qc7 $1 $11 22. Qc5 Nc6) 22. a4 $18 Rd8 $2 (22... Qd6) 23. axb5 ({Resist} 23. Bxg6 Nd6 $18) 23... axb5 24. Ra7 e5 25. Qg4+ {[%mdl 64] Double Attack} Qe6 26. Rxf7 Qxg4 27. fxg4 Bxf7 28. Rxf7 Rd6 29. Ra7 {And now Ra8+ would win.} Rhd8 30. Ra5 Rd5 31. Bxg6 b4 32. Bf5+ Kc7 33. Rxd5 Rxd5 34. g5 Rd8 35. g6 Kd6 36. g7 Rg8 37. Bh6 c3 38. b3 {Accuracy: White = 79%, Black = 32%.} 1-0

[Event "Asian Zonal 3.3 Women 2019"]
[Site "Ulaanbaatar"]
[Date "2019.04.08"]
[Round "2.10"]
[White "Amina, Battsooj"]
[Black "Ulziikhishigjargal, Ochirkhuyag"]
[Result "0-1"]
[WhiteElo "2155"]
[BlackElo "1843"]
[Annotator "TA"]
[PlyCount "102"]
[EventDate "2019.04.07"]
[EventType "swiss"]
[EventRounds "9"]
[EventCountry "MGL"]
[SourceTitle "playchess.com"]
[Source "ChessBase"]
[SourceQuality "1"]

{[%evp 12,102,35,17,45,13,58,48,47,33,40,14,25,0,0,-8,-6,-12,0,0,0,0,11,0,0,0,0,-27,-26,-33,-21,-30,-37,-32,-32,-72,-1,-9,0,-52,-58,-57,-37,-38,-43,-60,-66,-54,-60,-71,-79,-84,-76,-136,-55,-996,-985,-1269,-1248,-1196,-1175,-1175,-1143,-1054,-1106,-1238,-1052,-1085,-1069,-1068,-1047,-1021,-1036,-986,-996,-1269,-1333,-1406,-1387,-2585,-2564,-2357,-2369,-5122,-3404,-29981,-29982,-29982,-29983,-29983,-29983,-29987,-29988]} 1. e4 e5 2. Nf3 Nc6 3. Bc4 Nf6 4. d3 {[%cal Bd2d3,Bd3d4][%mdl 32]} Be7 5. O-O O-O 6. c3 d6 7. h3 {LiveBook: 51 Games} Nd7 {C55: Two Knights: 4 d3, 4 d4 exd4 5 e5 and Max Lange Attack} (7... Na5 8. Bb5 a6 9. Ba4 b5 10. Bc2 c5 11. Nbd2 Nc6 12. Re1 Re8 13. Nf1 h6 14. Ng3 Be6 15. Nh2 d5 16. Qf3 d4 17. Ng4 Nxg4 18. hxg4 Bg5 19. Nf5 Bxc1 20. Raxc1 Qg5 21. cxd4 Nxd4 22. Qe3 Red8 23. Bd1 Bxf5 24. gxf5 Rac8 25. Qh3 Qxc1 {0-1 (25) Robulj,N (2286)-Kuljasevic,D (2556) Skopje 2018}) 8. d4 Bf6 $146 ({Predecessor:} 8... Nb6 9. Bb3 Bf6 10. d5 Na5 11. Nbd2 c6 12. c4 cxd5 13. cxd5 Qc7 14. Qc2 Qxc2 15. Bxc2 {0-1 (56) Solorzano Rivera,F (1533)-Escorcia Obando,C (1498) Managua 2017}) 9. Bb3 Re8 {White is slightly better.} 10. Re1 Nf8 11. dxe5 (11. Na3 {feels hotter.} Bd7 12. d5 Ne7 13. Nc4 Neg6 14. Ne3) 11... dxe5 12. Qxd8 (12. Nbd2 {is interesting.} Ng6 13. Qc2 Na5 14. Ba4 c6 15. b4) 12... Rxd8 13. Be3 Be6 14. Bc2 a5 15. Na3 h6 16. Nb5 Rac8 17. Nd2 Bg5 18. Bxg5 hxg5 19. Nb3 b6 20. Rad1 Ng6 21. Rxd8+ Nxd8 22. Rd1 Nb7 23. Na7 Ra8 (23... Rb8 $17) 24. Nb5 $1 $11 {[%cal Rb5c7]} Rc8 25. a4 ({Better is} 25. Na7 $11 Re8 26. Nb5) 25... Kf8 $15 26. Nd2 Nf4 27. Nf1 c6 $36 {[%mdl 2048] Black has some pressure.} 28. Na3 Ke7 29. Ne3 {next Nac4 is good for White.} Nd6 30. Kf1 b5 31. axb5 cxb5 {Hoping for ...b4.} 32. g3 {[#]} (32. Bb1 $142) 32... Bxh3+ ({Black should try} 32... b4 $1 $17 {[%cal Rb4a3]} 33. gxf4 bxa3) 33. Kg1 $2 {[%mdl 8192]} (33. Ke1 $15 Ng2+ 34. Nxg2 Bxg2 35. Rd5) 33... Ne2+ $19 34. Kh2 {[#]} Rh8 $1 {[%cal Rh3f1]} 35. Ng2 Bg4+ 36. Nh4 gxh4 37. Kg2 b4 38. Nb1 Nf4+ 39. gxf4 Bxd1 40. Bxd1 Nxe4 41. fxe5 {[%mdl 4096] Endgame KRN-KBN} h3+ 42. Kh2 Nxf2 43. Be2 g5 {[%cal Bg7g5,Bg5g4][%mdl 32]} 44. Nd2 g4 45. Nf1 bxc3 46. bxc3 Ke6 47. Kg1 Kxe5 48. Kxf2 h2 {Black mates.} 49. Ng3 h1=Q 50. Nxh1 Rxh1 51. Bxg4 a4 {Precision: White = 27%, Black = 69%.} 0-1

[Event "Asian Zonal 3.3 Women 2019"]
[Site "Ulaanbaatar"]
[Date "2019.04.08"]
[Round "2.11"]
[White "Mandukhai, Myagmarsuren"]
[Black "Bayarmaa, Bayarjargal"]
[Result "1-0"]
[WhiteElo "1902"]
[BlackElo "2147"]
[Annotator "TA"]
[PlyCount "75"]
[EventDate "2019.04.07"]
[EventType "swiss"]
[EventRounds "9"]
[EventCountry "MGL"]
[SourceTitle "playchess.com"]
[Source "ChessBase"]
[SourceQuality "1"]

{[%evp 29,75,81,76,-44,40,-59,-70,-74,-54,-41,-54,-48,1,-3,7,0,0,0,0,0,16,11,66,41,56,49,41,55,167,108,193,0,0,0,0,0,0,0,0,0,385,373,670,288,271,277,29992,29993]} 1. d4 Nf6 2. c4 c5 3. d5 e6 4. Nc3 exd5 5. cxd5 d6 6. e4 g6 7. Bd3 Bg7 8. h3 a6 9. a4 Nbd7 10. Nf3 Nh5 11. Bg5 Bf6 12. Be3 O-O 13. O-O Re8 14. Nd2 {A70: Modern Benoni: 6 e4 g6 7 Nf3} (14. Qd2 Ne5 15. Be2 Nxf3+ 16. Bxf3 Ng7 {½-½ (16) Kazhgaleyev,M (2594)-Ponomariov,R (2709) chess.com INT 2017}) 14... b6 15. Be2 Ng7 {LiveBook: 3 Games} 16. f4 $146 (16. Re1 $16) ({Predecessor:} 16. Bf4 Qe7 17. Bg3 Rb8 18. f4 Bd4+ 19. Kh1 f5 20. Bf3 fxe4 21. Bxe4 Nf6 {½-½ (43) Wang,P (2380)-Hilby,C (2419) Charlotte 2018}) 16... Bd4 ({Better is} 16... Bxc3 $1 $15 17. bxc3 Nf6) 17. Bxd4 (17. Nc4 $14) 17... cxd4 $15 18. Ncb1 {[%cal Bc3b1,Bb1a3,Ba3b5][%mdl 32]} Nc5 19. Bf3 a5 {White must now prevent ...Ba6.} 20. Na3 f5 {[%cal Rf5e4]} 21. e5 $1 dxe5 22. fxe5 Rxe5 23. Ndc4 Re8 24. Nb5 $36 {[%mdl 2048] White fights for an advantage.} Ba6 25. d6 Nge6 ({Black should play} 25... d3 $11) 26. Bxa8 Qxa8 27. Nxb6 Qc6 28. Nc4 $1 Bb7 (28... Bxb5 $14 29. axb5 Qxb5) 29. Rf2 (29. Qf3 $1 $18) 29... Ra8 {[#]} (29... Ng5 $16 {might work better.} 30. Kh2 d3) 30. Nxa5 $2 ({But not} 30. Nxd4 $6 Nxd4 31. Qxd4 Nb3 $16) (30. Qf3 $1 $18) 30... Rxa5 $11 31. b4 {[#]} Rxa4 $1 {[%mdl 512]} 32. Rxa4 Nxa4 33. Qxa4 {Hoping for Qa2.} Kf7 $1 34. Rc2 Qe8 $2 {[%mdl 8192] [#]} (34... Qd7 $11 {and Black is okay.}) 35. Qa5 $1 $18 {Rc7+! is the strong threat.} Kf6 $2 (35... Qd7 36. Nxd4 Qxd6) 36. Qb6 (36. Nc7 $142 Nxc7 37. Qxc7 Qe1+ 38. Kh2 Qe5+ 39. g3) 36... d3 37. Rd2 Nf4 $2 (37... Be4 $18 38. Nc3 Qa8) 38. d7+ {[%mdl 64] Discovered Attack (Double check). Accuracy: White = 44%, Black = 25%.} 1-0

[Event "Asian Zonal 3.3 Women 2019"]
[Site "Ulaanbaatar"]
[Date "2019.04.08"]
[Round "2.12"]
[White "Munkhzul, Davaakhuu"]
[Black "Nomindalai, Tumurbaatar"]
[Result "0-1"]
[WhiteElo "1793"]
[BlackElo "1958"]
[Annotator "NA RC"]
[PlyCount "78"]
[EventDate "2019.04.07"]
[EventType "swiss"]
[EventRounds "9"]
[EventCountry "MGL"]
[SourceTitle "playchess.com"]
[Source "ChessBase"]
[SourceQuality "1"]
[TimeControl "40/5400+30:1800+30"]

1. e4 d6 2. d4 Nf6 3. Nc3 e5 4. dxe5 dxe5 5. Qxd8+ Kxd8 6. Nf3 Bd6 7. Bg5 Be6 8. O-O-O Nbd7 9. Bb5 Kc8 10. Bxf6 Nxf6 11. Ng5 a6 12. Be2 b5 13. Nxe6 fxe6 14. f3 Bb4 15. a3 Bxc3 16. bxc3 Rd8 17. c4 c6 18. Kb2 Rb8 19. cxb5 axb5 20. Kb3 c5 21. c4 b4 22. Rxd8+ Kxd8 23. Rd1+ Kc7 24. a4 Ng8 25. g3 Ne7 26. f4 Nc6 27. Bd3 Rd8 28. fxe5 Nxe5 29. Be2 Rxd1 30. Bxd1 Nc6 31. Kc2 Nd4+ 32. Kd3 Kb6 33. Bh5 g6 34. Bd1 Ka5 35. g4 g5 36. e5 b3 37. Kc3 Kxa4 38. Kb2 Kb4 39. h3 Kxc4 0-1

[Event "Asian Zonal 3.3 Women 2019"]
[Site "Ulaanbaatar"]
[Date "2019.04.08"]
[Round "2.13"]
[White "Enkhsaran, Batsaikhan"]
[Black "Yanjinlkham, Bayarsaikhan"]
[Result "0-1"]
[WhiteElo "1792"]
[BlackElo "1951"]
[Annotator "NA RC"]
[PlyCount "185"]
[EventDate "2019.04.07"]
[EventType "swiss"]
[EventRounds "9"]
[EventCountry "MGL"]
[SourceTitle "playchess.com"]
[Source "ChessBase"]
[SourceQuality "1"]
[TimeControl "40/5400+30:1800+30"]

1. d4 d5 2. Nf3 c6 3. g3 e6 4. Bg2 f5 5. c4 Nf6 6. Nc3 Bd6 7. O-O O-O 8. Qc2 Ne4 9. Nd2 Nd7 10. f3 Nxc3 11. Qxc3 Qe7 12. e4 dxe4 13. fxe4 c5 14. Nb3 cxd4 15. Nxd4 Nc5 16. exf5 exf5 17. Bd5+ Kh8 18. Bd2 Ne4 19. Bxe4 fxe4 20. Rxf8+ Qxf8 21. Rf1 Qe7 22. b4 Bh3 23. Re1 Rf8 24. Ne2 Be5 25. Qc2 Qf6 26. Bf4 Qb6+ 27. c5 Qxb4 28. Rd1 Bxf4 29. gxf4 h6 30. Kf2 Qa3 31. Qxe4 Qxc5+ 32. Qd4 Qh5 33. Rg1 Qf7 34. Qxa7 Be6 35. Rb1 Bd5 36. Qc5 Kg8 37. Rb4 Bxa2 38. Nc3 Be6 39. Qe5 Qf6 40. Qxf6 Rxf6 41. Ke3 Rf7 42. Rb6 Bh3 43. Ne4 Bg2 44. Nd6 Re7+ 45. Kd4 Bc6 46. f5 Re2 47. Nxb7 Bxb7 48. Rxb7 Rxh2 49. Ke3 Rh4 50. Kf3 Ra4 51. Kg3 h5 52. Rc7 Rg4+ 53. Kf3 Ra4 54. Kg3 Kf8 55. Rb7 Re4 56. Kf3 Ra4 57. Kg3 h4+ 58. Kh3 Rf4 59. Ra7 Kg8 60. Rb7 Kf8 61. Ra7 Rb4 62. Rc7 Rd4 63. Rb7 Rf4 64. Rc7 Kg8 65. Rb7 Rd4 66. Ra7 Rf4 67. Rb7 Kh7 68. f6 Rxf6 69. Kxh4 Kh6 70. Kg4 Rc6 71. Rb4 Rc1 72. Rd4 Rg1+ 73. Kf3 Kh5 74. Rd2 Kg5 75. Rd5+ Kh4 76. Rd4+ Kh3 77. Rd7 Rg6 78. Rf7 Rg3+ 79. Kf2 Rg5 80. Kf3 Rg6 81. Rf8 Rg3+ 82. Kf2 Rb3 83. Rg8 Rb7 84. Kf3 Rf7+ 85. Ke2 Kg4 86. Rh8 Rf5 87. Rh1 g5 88. Rh8 Kg3 89. Rh7 g4 90. Rg7 Kh3 91. Rh7+ Kg2 92. Rg7 g3 93. Rg8 0-1

[Event "Asian Zonal 3.3 Women 2019"]
[Site "Ulaanbaatar"]
[Date "2019.04.08"]
[Round "2.14"]
[White "Doan, Thi Hong Nhung"]
[Black "Udval, Enkhsaikhan"]
[Result "1-0"]
[WhiteElo "1938"]
[BlackElo "1761"]
[Annotator "NA RC"]
[PlyCount "127"]
[EventDate "2019.04.07"]
[EventType "swiss"]
[EventRounds "9"]
[EventCountry "MGL"]
[SourceTitle "playchess.com"]
[Source "ChessBase"]
[SourceQuality "1"]
[TimeControl "40/5400+30:1800+30"]

1. d4 d5 2. c4 c6 3. Nf3 Nf6 4. Nc3 e6 5. Bg5 Nbd7 6. e3 Qa5 7. Nd2 Bb4 8. Qc2 Ne4 9. Ndxe4 dxe4 10. Bh4 O-O 11. a3 e5 12. Rb1 Bxc3+ 13. Qxc3 Qxc3+ 14. bxc3 b6 15. Be2 f5 16. O-O h6 17. f3 exf3 18. Bxf3 e4 19. Be2 Nf6 20. h3 Be6 21. a4 g5 22. Bg3 Ne8 23. a5 Ng7 24. Be5 bxa5 25. Ra1 Rf7 26. Rxa5 Rd8 27. Rfa1 f4 28. exf4 gxf4 29. Rxa7 Rdd7 30. Ra8+ Kh7 31. Rf1 f3 32. gxf3 Bxh3 33. Rf2 Bf5 34. Ra6 e3 35. Rf1 Ne6 36. Rxc6 Ng5 37. Re1 Bg6 38. Rc8 Bf5 39. f4 Nh3+ 40. Kh2 Ra7 41. Rh8+ Kg6 42. Rg8+ Kh7 43. Rg3 Nf2 44. Reg1 Ne4 45. R3g2 Nf6 46. Bf3 Ne4 47. c5 h5 48. Re1 h4 49. Rxe3 Ng3 50. Re1 Bd3 51. d5 Bf5 52. c6 Ra3 53. d6 Rfa7 54. d7 Bxd7 55. cxd7 Rxd7 56. Bf6 Rd3 57. Bxh4 Rxf3 58. Rxg3 Rxf4 59. Kh3 Raa4 60. Bg5 Rf7 61. Re7 Rxe7 62. Bxe7 Rc4 63. Bb4 Kh6 64. Kg2 1-0

[Event "Asian Zonal 3.3 Women 2019"]
[Site "Ulaanbaatar"]
[Date "2019.04.08"]
[Round "2.15"]
[White "Tsogzolmaa, Nanjid"]
[Black "Enkhnasan, Namjiljav"]
[Result "1-0"]
[WhiteElo "1815"]
[BlackElo "1610"]
[Annotator "NA RC"]
[PlyCount "81"]
[EventDate "2019.04.07"]
[EventType "swiss"]
[EventRounds "9"]
[EventCountry "MGL"]
[SourceTitle "playchess.com"]
[Source "ChessBase"]
[SourceQuality "1"]
[TimeControl "40/5400+30:1800+30"]

1. d4 g6 2. Nf3 Bg7 3. Bg5 Nf6 4. Nbd2 d5 5. e3 a6 6. Be2 Nc6 7. O-O O-O 8. c4 e6 9. Rc1 Bd7 10. cxd5 exd5 11. Nb3 Qe8 12. Nc5 b5 13. Qc2 Bf5 14. Qb3 Na5 15. Qc3 Nc4 16. b3 Nd6 17. Qa5 c6 18. Ne5 Nfe4 19. Nxe4 Nxe4 20. Bf4 Bxe5 21. Bxe5 f6 22. Bc7 Bd7 23. Rfe1 Qe6 24. f3 Ng5 25. Bd3 Qf7 26. f4 Ne6 27. Bd6 Rfe8 28. f5 Nd8 29. fxg6 hxg6 30. Qd2 Qh7 31. e4 dxe4 32. Bxe4 Nf7 33. Bg3 Rac8 34. d5 cxd5 35. Rxc8 Bxc8 36. Bxd5 Rxe1+ 37. Qxe1 Qg7 38. Qe8+ Qf8 39. Bxf7+ Kg7 40. Qxf8+ Kxf8 41. Bxg6 1-0

[Event "Asian Zonal 3.3 Women 2019"]
[Site "Ulaanbaatar"]
[Date "2019.04.08"]
[Round "2.16"]
[White "Khongorzul, Davaakhuu"]
[Black "Unurzul, Davaakhuu"]
[Result "1-0"]
[WhiteElo "1568"]
[BlackElo "1378"]
[Annotator "NA RC"]
[PlyCount "79"]
[EventDate "2019.04.07"]
[EventType "swiss"]
[EventRounds "9"]
[EventCountry "MGL"]
[SourceTitle "playchess.com"]
[Source "ChessBase"]
[SourceQuality "1"]
[TimeControl "40/5400+30:1800+30"]

1. e4 e5 2. Nf3 Nc6 3. Bb5 a6 4. Ba4 Nf6 5. O-O Be7 6. Re1 b5 7. Bb3 d6 8. c3 Na5 9. Bc2 c5 10. d4 cxd4 11. cxd4 Nc6 12. a4 Bb7 13. Nc3 b4 14. Nd5 Nxd5 15. exd5 Nxd4 16. Nxd4 exd4 17. Qxd4 O-O 18. Qe4 f5 19. Qxe7 Qb6 20. Qe6+ Kh8 21. Bf4 Rad8 22. Bxf5 Bc8 23. Qe7 Bxf5 24. Be3 Qa5 25. Bd4 Rg8 26. Re2 Rd7 27. Qh4 Qxd5 28. Rae1 Qf7 29. Re7 Rxe7 30. Rxe7 Qg6 31. Rxg7 Qxg7 32. Bxg7+ Rxg7 33. Qd8+ Rg8 34. Qf6+ Rg7 35. Qxf5 Kg8 36. Qe6+ Kf8 37. Qxd6+ Kf7 38. Qxa6 Rg6 39. Qc4+ Kg7 40. Qxb4 1-0